| 000 | 00346nam a22001457a 4500 | ||
|---|---|---|---|
| 020 | _a9781781681635414 | ||
| 041 | _aENG | ||
| 082 |
_a297 _bHIL |
||
| 100 | _aHill Stacy | ||
| 245 | _aFundamentals of Islamic Culture | ||
| 260 |
_aLondon, Koros Press _bKoros Press _c2015 |
||
| 300 | _aviii, 304p | ||
| 650 | _aIslamic fundamentals | ||
| 942 | _cBK | ||
| 999 |
_c23577 _d23577 |
||